[Event "1st Gujarat GM Open 2018"]
[Site "Ahmedabad"]
[Date "2018.10.11"]
[Round "9"]
[White "Audi Ameya"]
[Black "Ter-Sahakyan, Samvel"]
[Result "0-1"]
[WhiteElo "2375"]
[BlackElo "2547"]
[Annotator "TA"]
[PlyCount "81"]
[EventDate "2018.10.05"]
[EventType "swiss"]
[EventCountry "IND"]
[SourceTitle "playchess.com"]
[Source "ChessBase"]
[SourceQuality "1"]

{[%evp 15,81,30,22,19,16,26,31,23,27,14,26,17,22,18,20,16,45,48,49,38,43,49,52,0,0,0,0,0,0,0,36,0,0,-79,-76,-233,-221,-224,-210,-214,-204,-206,-191,-220,-221,-213,-227,-235,-217,-222,-218,-862,-844,-829,-817,-12830,-6395,-29986,-29987,-29987,-29988,-29988,-12845,-29984,-29985,-29985,-29985,-29994]} 1. e4 c5 2. Nf3 d6 3. d4 cxd4 4. Nxd4 Nf6 5. Nc3 a6 6. Be3 e5 7. Nb3 Be6 8. f3 h5 9. Nd5 {B90: Sicilian Najdorf: Unusual White 6th moves, 6 Be3 Ng4 and 6 Be3 e5} Bxd5 10. exd5 Nbd7 11. Qd2 {White is slightly better.} g6 12. Be2 Bg7 (12... Rc8 13. c4 Bg7 14. O-O O-O 15. Na5 Qc7 16. Rac1 e4 {1-0 (52) Duda,J (2737)-Karjakin,S (2773) chess.com INT 2018}) 13. O-O b6 14. c4 O-O 15. h3 Qc7 16. Rac1 {[#]} Rae8 $146 ({Predecessor:} 16... Rfe8 17. Rfe1 Kh7 {½-½ (66) Kujala,A (2635)-Kukk,R (2584) ICCF email 2014}) 17. g4 Nc5 18. Nxc5 bxc5 19. b4 (19. Bd1 $14) 19... cxb4 $11 20. c5 hxg4 21. hxg4 dxc5 22. Bxc5 Qd7 (22... e4 $5 {[%cal Rc7g3]} 23. f4 (23. Bxa6 exf3 24. Rxf3 Nxg4 $15) 23... Qd8 $16) 23. Rfd1 e4 24. Qf4 (24. Bxf8 $11 Bxf8 25. Rc4) 24... Nxd5 $17 {[%cal Bf6d5,Bd5c3,Bc3e4,Be4d2][%mdl 32]} 25. Qg3 $2 {[#]} (25. Bc4 $17 Nxf4 26. Rxd7) 25... Qb7 $1 $19 {Hoping for ...Nc3.} 26. Bxf8 Bxf8 27. fxe4 Nc3 28. Re1 Nxe4 ({Weaker is} 28... Qxe4 29. Bf3 $15) 29. Qf3 Re6 {[%cal Be8e6,Be6d6,Bd6d3][%mdl 32]} 30. Bc4 {[#]} Qa7+ $1 31. Kg2 Nd2 32. Qd5 Rd6 33. Qe5 $2 (33. Qxf7+ Qxf7 34. Bxf7+ Kxf7 35. Rc7+ Kf6 36. Re8) 33... Qb7+ 34. Kh3 Nxc4 35. Rxc4 Rd3+ 36. Re3 Qh1+ 37. Kg3 Qg1+ 38. Kf3 Qf1+ (38... Rd2 $142 39. Kf4 Qh2+ 40. Rg3 Rf2+ 41. Ke3 Re2+ 42. Kd3 Rxe5 43. Re3 Rxe3+ 44. Kxe3 Qxa2 45. Kd3 Qb3+ 46. Kd4 Qd1+ 47. Ke4 b3 48. Ke5 Qd6+ 49. Ke4 b2 50. Rb4 Qxb4+ 51. Ke3 Qxg4 52. Kd2 b1=Q 53. Ke3 Bb4 54. Kf2 Qbg1#) 39. Kg3 Rxe3+ 40. Qxe3 Qxc4 41. Qe4 {Precision: White = 50%, Black = 75%.} 0-1

[Event "1st Gujarat GM Open 2018"]
[Site "Ahmedabad"]
[Date "2018.10.11"]
[Round "9"]
[White "Rathanvel, V S"]
[Black "Rahman, Ziaur"]
[Result "1/2-1/2"]
[WhiteElo "2341"]
[BlackElo "2473"]
[Annotator "TA"]
[PlyCount "79"]
[EventDate "2018.10.05"]
[EventType "swiss"]
[EventCountry "IND"]
[SourceTitle "playchess.com"]
[Source "ChessBase"]
[SourceQuality "1"]

{[%evp 17,79,29,34,29,22,14,24,30,36,26,32,22,31,30,32,33,26,16,31,6,19,14,71,59,54,66,68,58,63,40,139,132,282,282,271,281,281,281,281,281,281,275,254,185,368,299,339,298,352,325,403,64,70,79,81,0,69,71,59,0,0,0,66,0]} 1. e4 c5 2. Nf3 d6 3. d4 cxd4 4. Nxd4 Nf6 5. Nc3 Nc6 6. Bg5 e6 7. Qd2 a6 8. O-O-O Bd7 9. f3 Be7 10. Be3 {B67: Sicilian: Richter-Rauzer: 7...a6 8 0-0-0 Bd7, lines without 9 f4 Be7} h5 11. Kb1 Qc7 12. Nxc6 {White has an edge.} Bxc6 13. Ne2 d5 14. e5 $1 {[%cal Re5f6]} Nd7 15. f4 Bb5 16. g3 g6 17. h3 $146 ({Predecessor:} 17. Bg2 Bxe2 18. Qxe2 {0-1 (32) Manik,M (2411)-Gupta,A (2619) Kolkata 2018}) 17... Bxe2 18. Bxe2 Bc5 19. Bxc5 Qxc5 (19... Nxc5 $11 20. Qe3 Rc8) 20. c4 $16 {[%cal Rc4d5]} Nb6 21. cxd5 Nxd5 22. Bf3 {[%cal Rf3d5]} Rd8 23. g4 {[%cal Bg3g4,Bg4h5,Bh5g6][%mdl 32]} O-O (23... hxg4 $14 24. hxg4 Rxh1 25. Rxh1 Ke7) 24. gxh5 Nb4 (24... Qc4 $16 {might work better.}) 25. Qg2 $18 (25. Qxd8 Qc2+ 26. Ka1 Rxd8 $15) 25... Qc4 26. b3 Qxf4 27. hxg6 f5 28. exf6 (28. Bxb7 Qxe5 29. Rhg1 f4 $16) 28... Qxf6 {[#] And now ...Rxd1+ would win.} 29. Bxb7 Kg7 30. Be4 a5 $2 (30... Nd5 {keeps fighting.} 31. Bxd5 (31. Rdf1 Nc3+ 32. Kc2 Qd4 $11) 31... Rxd5) 31. Rhf1 Rxd1+ 32. Rxd1 Qe5 {intending ...Rf4.} 33. a3 Rf4 34. Rd7+ $2 (34. axb4 $18 Rxe4 35. bxa5 (35. Rd7+ Kg8 $16)) 34... Kg8 $14 35. Rd8+ Kg7 36. Rd7+ Kg8 37. axb4 Rxe4 38. Rd8+ (38. Qb2 $1 $14 axb4 39. Qxe5 Rxe5 40. h4) 38... Kg7 $11 {[#] Threatens to win with ...Re1+.} 39. Rd7+ (39. Rd1 $11 axb4 40. Rd7+ Kg8 41. Rd8+ Kg7 42. Rd7+ Kg8 43. Rd8+ Kg7 44. Rd7+) 39... Kg8 $14 40. Rd8+ {Precision: White = 49%, Black = 40%.} (40. Qb2 $1 $14 Re1+ 41. Ka2 axb4 42. Qxe5 Rxe5 43. Rb7) 1/2-1/2

[Event "1st Gujarat GM Open 2018"]
[Site "Ahmedabad"]
[Date "2018.10.11"]
[Round "9"]
[White "Sidhant, Mohapatra"]
[Black "Rakshitta Ravi"]
[Result "1-0"]
[WhiteElo "2341"]
[BlackElo "2160"]
[Annotator "TA"]
[PlyCount "67"]
[EventDate "2018.10.05"]
[EventType "swiss"]
[EventCountry "IND"]
[SourceTitle "playchess.com"]
[Source "ChessBase"]
[SourceQuality "1"]

{[%evp 20,67,47,24,47,16,12,0,20,18,60,38,80,67,67,67,61,80,80,73,70,75,69,63,54,52,73,56,71,56,210,194,572,574,570,566,563,544,576,569,905,637,905,627,623,609,5697,5425,29998,29999]} 1. e4 e5 2. Nf3 Nc6 3. Bb5 {[%cal Bf1b5,Bb5a4,Ba4b3][%mdl 32]} a6 4. Ba4 Nf6 5. d3 b5 6. Bb3 Be7 7. a4 Bb7 8. O-O O-O 9. Re1 d5 10. exd5 Nxd5 11. Nbd2 {[%cal Bb1d2,Bd2e4,Be4g3][%mdl 32]} Qd7 {C88: Closed Ruy Lopez: Anti-Marshall Systems} (11... f6 12. c3 Kh8 13. axb5 axb5 14. Rxa8 Bxa8 15. Ne4 b4 16. d4 bxc3 17. bxc3 exd4 18. Nxd4 Nxd4 19. cxd4 {½-½ (42) Caruana,F (2808)-Carlsen,M (2832) Stavanger 2017}) 12. Ne4 Kh8 13. Bd2 $146 ({Predecessor:} 13. c3 f6 14. d4 exd4 15. Nxd4 Rad8 16. axb5 Nxd4 17. Qxd4 Qxb5 18. Ba4 Qb6 19. Qxb6 cxb6 20. Bd2 h6 21. Rad1 b5 22. Bc2 a5 23. Ng3 Bc5 24. Nf5 {½-½ (24) Skeels,J (2342)-Masek,J (2404) GER email 2016}) 13... f6 {The position is equal.} 14. c3 f5 15. Ng3 Qd6 16. axb5 axb5 17. Rxa8 Bxa8 18. Qe2 {[%cal Rf3e5]} Nf4 19. Bxf4 $1 exf4 20. Nf1 $1 Bf6 21. d4 b4 22. N1d2 bxc3 23. bxc3 {[%cal Bb2c3,Bc3d4][%mdl 32]} Na5 24. Bc2 c5 $2 (24... g6 $14) 25. Qb5 $18 ({Much less strong is} 25. Bxf5 $6 cxd4 26. cxd4 Bxf3 $16) 25... Nb7 $2 (25... Bd8 {is more resistant.} 26. dxc5 Qc6) 26. Re8 Be7 27. Qa4 cxd4 28. cxd4 Qa3 {intending ...Qxa4.} 29. Qd7 Rxe8 30. Qxe8+ Bf8 31. Bb3 {[#] White wants to mate with Qf7.} Nd8 32. Qxd8 {Ne5 is the strong threat.} Be4 33. Ne5 {White threatens Ng6+! and mate.} f3 {[#]} 34. Ng6+ $1 {[%mdl 512] Precision: White = 82%, Black = 27%.} 1-0

[Event "1st Gujarat GM Open 2018"]
[Site "Ahmedabad"]
[Date "2018.10.11"]
[Round "9"]
[White "Wagh Suyog"]
[Black "Kiran, Manisha Mohanty"]
[Result "1-0"]
[WhiteElo "2312"]
[BlackElo "2147"]
[Annotator "TA"]
[PlyCount "49"]
[EventDate "2018.10.05"]
[EventType "swiss"]
[EventCountry "IND"]
[SourceTitle "playchess.com"]
[Source "ChessBase"]
[SourceQuality "1"]

{[%evp 12,49,9,2,15,20,25,8,22,26,17,28,37,42,44,44,152,152,144,143,152,145,144,134,143,141,263,282,268,272,268,274,254,270,1078,1074,1050,1006,29980,1504]} 1. d4 Nf6 2. c4 g6 3. Nc3 d5 4. e3 Bg7 5. Qb3 c6 6. Nf3 O-O 7. Be2 {LiveBook: 43 Games} Re8 {D95: Grünfeld: 4 Nf3 Bg7 5 e3 0-0 6 Qb3} (7... e6 8. O-O b6 9. cxd5 cxd5 10. Ne5 Bb7 11. Qa4 a6 12. Bd2 b5 13. Qa3 Nc6 14. Nxc6 Bxc6 15. Rfc1 Qd7 {½-½ (89) Bogdanovich,S (2593)-Bernadskiy,V (2570) Omelnyk 2017}) 8. O-O e6 9. Qc2 Nbd7 {The position is equal.} 10. b3 e5 11. cxd5 exd4 12. Nxd4 c5 $146 ({Predecessor:} 12... Nxd5 13. Nxd5 cxd5 14. Bb2 Ne5 15. Rac1 Bd7 16. Qc5 Bc6 17. Nxc6 Nxc6 18. Bxg7 Kxg7 19. Bf3 Re5 20. Rfd1 Ne7 21. Qc7 b6 22. Qxe5+ {1-0 (21) Eineder,L (1844)-Eberle,A (1695) Germany 2007}) 13. Ndb5 $36 {[%mdl 2048] aiming for d6. White has some pressure.} Nxd5 ({Black should try} 13... Nf8 $1 $14) 14. Nxd5 $16 Bxa1 15. Ndc7 {[%cal Bd5c7,Bc7e8,Be8d6][%mdl 32]} a6 16. Nxe8 axb5 17. Nd6 b4 18. Rd1 $1 {Threatens to win with Bc4.} Be5 (18... Qe7 $16) 19. Nxc8 $18 Qxc8 {[#]} 20. Bg4 $1 f5 {[#]} 21. Bxf5 $1 {[%mdl 512]} gxf5 22. Qxf5 Rxa2 $2 (22... Qf8 23. Qxd7 Kh8) 23. Rxd7 Qxd7 24. Qxd7 Ra1 25. Qe8+ {Precision: White = 89%, Black = 31%.} 1-0

[Event "1st Gujarat GM Open 2018"]
[Site "Ahmedabad"]
[Date "2018.10.11"]
[Round "9"]
[White "Jubin Jimmy"]
[Black "Barath Kalyan M"]
[Result "1-0"]
[WhiteElo "2308"]
[BlackElo "2084"]
[Annotator "TA"]
[PlyCount "51"]
[EventDate "2018.10.05"]
[EventType "swiss"]
[EventCountry "IND"]
[SourceTitle "playchess.com"]
[Source "ChessBase"]
[SourceQuality "1"]

{[%evp 18,50,41,38,77,60,91,95,97,98,97,74,75,63,108,93,118,103,117,116,180,178,202,195,394,404,393,396,385,398,29996,29997,29997,29998,29999]} 1. d4 Nf6 2. c4 e6 3. Nc3 Bb4 4. Qc2 O-O 5. a3 Bxc3+ 6. Qxc3 Ne4 7. Qc2 f5 8. e3 b6 9. Bd3 Bb7 10. Ne2 c5 {E32: Nimzo-Indian: Classical (4 Qc2): 4...0-0} 11. O-O Qh4 $146 ({Predecessor:} 11... Nc6 12. f3 Nd6 13. Bd2 a5 14. Bc3 Qg5 15. Qd2 a4 16. dxc5 bxc5 17. Rad1 Rfd8 18. Rfe1 {1-0 (18) Bocharov,D (2614)-Obukhov,A (2446) Voronezh 2007}) 12. f3 {aiming for g3.} Ng5 {White is better.} 13. Bd2 Nc6 14. Qc1 Nf7 {[%cal Rc5d4]} 15. Qe1 Qe7 16. Bc3 d6 17. Qg3 Nh6 18. Nf4 Nd8 (18... e5 $16 19. Nd5 Qf7) 19. Rad1 $18 Kh8 20. Bb1 Rg8 $2 (20... cxd4 {was necessary.} 21. exd4 (21. Rxd4 e5 $16) 21... Rg8) 21. dxc5 dxc5 22. Rd6 e5 {[#]} 23. Rxh6 $1 {[%csl Gg3,Gh6][%cal Rf4g6][%mdl 512]} exf4 $2 {[#]} (23... gxh6 $18 24. Bxe5+ Qxe5 25. Ng6+ hxg6 26. Qxe5+ Rg7) 24. Rxh7+ $1 {[%mdl 512] White mates.} Kxh7 25. Bxf5+ Kh6 26. Qg6# {Precision: White = 88%, Black = 15%.} 1-0

[Event "1st Gujarat GM Open 2018"]
[Site "Ahmedabad"]
[Date "2018.10.11"]
[Round "9"]
[White "Gomes, Mary Ann"]
[Black "Satkar, Chirag"]
[Result "0-1"]
[WhiteElo "2302"]
[BlackElo "2089"]
[Annotator "TA"]
[PlyCount "72"]
[EventDate "2018.10.05"]
[EventType "swiss"]
[EventCountry "IND"]
[SourceTitle "playchess.com"]
[Source "ChessBase"]
[SourceQuality "1"]

{[%evp 9,72,0,0,0,0,-8,0,0,14,-4,17,16,20,18,24,0,0,0,25,-62,-25,-12,-30,-112,-120,-135,-148,-150,-150,-150,-145,-136,-129,-140,-87,-94,-51,-134,-89,-86,-47,-47,-51,-126,-99,-107,-108,-72,-81,-107,-106,-107,-113,-117,-108,-178,-178,-178,-178,-4958,-4954,-4942,-4934,-4942,-4942]} 1. Nf3 Nf6 2. g3 g6 3. b3 Bg7 4. Bb2 a5 (4... O-O 5. c4 d6 6. Bg2 e5 7. O-O c5 8. Nc3 Nc6 9. d3 Ne8 10. Nd2 Nc7 11. a3 a5 12. Nd5 Be6 13. e3 Rb8 14. Rb1 b5 15. cxb5 Bxd5 16. bxc6 Bxg2 17. Kxg2 Qe8 {½-½ (41) So,W (2815)-Carlsen,M (2832) chess.com INT 2017}) 5. e4 $146 ({Vorgänger:} 5. c4 O-O 6. Bg2 d6 7. O-O e5 8. Nc3 c6 9. d3 Na6 10. a3 Re8 11. Nd2 d5 12. cxd5 cxd5 13. Rc1 Bg4 14. h3 Be6 15. Na4 Qd6 16. d4 {0-1 (47) Korley,K (2420)-Mandiza,F (2390) Charlotte 2018}) 5... d6 6. a4 {A05: Übergänge in verschiedene Eröffnungen} O-O 7. d3 e5 8. Bg2 {Die Stellung ist ausgeglichen.} Nc6 9. O-O Bg4 10. h3 Bd7 11. Nbd2 Ne8 12. Nh4 Bf6 13. Nhf3 Bg7 14. d4 (14. Nc4 $11) 14... exd4 15. Nc4 {[%cal Rf3d4]} Ne5 16. Nfd2 (16. Nfxe5 $11 {hält das Gleichgewicht.} dxe5 17. f4) 16... c5 $1 $17 17. f4 Nxc4 18. Nxc4 b5 $1 {[%cal Rb5c4]} 19. axb5 Bxb5 20. Re1 {[#]} a4 $1 21. e5 d5 ({Besser ist} 21... Rb8 {...Lxc4 ist eine echte Drohung.} 22. Ba3 axb3 23. cxb3 Bxc4 24. bxc4 Nc7) 22. Qf3 Bc6 23. Nd2 (23. bxa4 $15 Rxa4 24. Rxa4 Bxa4 25. Qxd5 Qxd5 26. Bxd5) 23... Nc7 24. bxa4 Rxa4 25. Rxa4 Bxa4 26. Ba3 {[#]} (26. Qa3 $15 Bxc2 27. Qxc5) 26... Ne6 $1 ({Ein No Go ist} 26... Bxc2 $6 27. Bxc5 Qb8 28. Bxd4 $11 (28. Bxf8 Bxf8 29. Ra1 Bb4 $11)) 27. Nb3 c4 28. Bxf8 Bxf8 29. Qxd5 cxb3 30. cxb3 {Droht stark Dxd8.} Qxd5 31. Bxd5 Bb5 32. Rd1 (32. Ra1 $17) 32... Be2 $19 33. Rd2 d3 34. Bxe6 $2 (34. Bc4 Bc5+ 35. Kg2) 34... Bc5+ {Schwarz steht klar auf Gewinn.} (34... fxe6 $2 35. Rxe2 dxe2 36. Kf2 $19) 35. Kg2 fxe6 36. b4 Bxb4 {Precision: Weiß = 39%, Schwarz = 62%.} 0-1

[Event "1st Gujarat GM Open 2018"]
[Site "Ahmedabad"]
[Date "2018.10.11"]
[Round "9"]
[White "Srijit Paul"]
[Black "Swayams, Mishra"]
[Result "1/2-1/2"]
[WhiteElo "2292"]
[BlackElo "2463"]
[Annotator "TA"]
[PlyCount "94"]
[EventDate "2018.10.05"]
[EventType "swiss"]
[EventCountry "IND"]
[SourceTitle "playchess.com"]
[Source "ChessBase"]
[SourceQuality "1"]

{[%evp 13,94,32,34,24,23,6,18,14,29,24,32,0,4,-16,0,7,26,0,0,0,9,14,23,9,14,-3,16,15,67,68,80,68,69,70,58,44,50,51,52,6,115,128,122,100,124,45,45,47,56,53,49,54,47,15,16,0,0,0,0,0,0,0,6,0,0,0,0,0,0,0,0,0,0,0,0,0,0,0,0,0,0,0,0]} 1. e4 e5 2. Nf3 Nc6 3. Bc4 Nf6 4. d3 Be7 5. O-O O-O 6. a4 d5 7. exd5 Nxd5 8. h3 {C55: Two Knights: 4 d3, 4 d4 exd4 5 e5 and Max Lange Attack} Kh8 9. Re1 f6 $1 10. a5 Rb8 $146 ({Predecessor:} 10... b6 11. axb6 Nxb6 12. Bb3 Bb7 13. Nc3 Qd7 14. Ne4 a5 15. Be3 a4 {½-½ (35) Vocaturo,D (2600)-Buhmann,R (2633) Germany 2017}) 11. c3 Be6 12. Qa4 Bg8 13. Na3 Qe8 14. Nc2 Qh5 15. Qb3 Rfd8 16. d4 exd4 17. Ncxd4 Nxd4 18. Nxd4 Bc5 19. Be2 Qg6 20. Qd1 {[#] Strongly threatening Bh5.} Nb4 ({Black should try} 20... Re8 $11) 21. Bh5 $36 {[%mdl 2048] White has the initiative.} Qd3 22. cxb4 Qxd1 23. Rxd1 Bxd4 24. Bf4 Bxb2 25. Bxc7 Bxa1 26. Bxd8 (26. Rxa1 {keeps more tension.} b6 27. Bf3 g5 28. Bxb8 Rxb8 29. Rc1) 26... Bb3 (26... Be5 $11) 27. Rxa1 $16 Rxd8 {[%mdl 4096] Endgame KRB-KRB} 28. Bf3 b6 {[#]} 29. Ra3 (29. Rc1 $1 $16) 29... Bc4 $14 30. Rc3 Bb5 31. Rc7 bxa5 32. bxa5 a6 33. Kh2 g6 {The position is equal.} 34. Ra7 Rd2 35. Kg3 Ra2 36. Ra8+ Kg7 37. Ra7+ Kh8 38. Ra8+ Kg7 39. Ra7+ Kh6 40. Bd5 Ra3+ 41. f3 {aiming for Bg8.} Bd3 42. Bg8 g5 43. Rd7 Bb1 44. Bc4 Rxa5 45. Rd6 Kg7 46. Rxa6 Rxa6 47. Bxa6 f5 {Precision: White = 52%, Black = 63%.} 1/2-1/2

[Event "1st Gujarat GM Open 2018"]
[Site "Ahmedabad"]
[Date "2018.10.11"]
[Round "9"]
[White "Aaryan Varshney"]
[Black "Kadam Om Manish"]
[Result "1-0"]
[WhiteElo "2286"]
[BlackElo "2082"]
[Annotator "TA"]
[PlyCount "85"]
[EventDate "2018.10.05"]
[EventType "swiss"]
[EventCountry "IND"]
[SourceTitle "playchess.com"]
[Source "ChessBase"]
[SourceQuality "1"]

{[%evp 20,85,10,10,22,-16,14,0,64,32,43,32,58,59,52,43,45,49,45,37,81,80,103,119,118,115,102,112,152,150,176,172,181,175,246,246,243,238,256,255,254,247,251,258,323,264,385,371,412,421,424,402,403,404,478,472,656,641,640,620,780,734,834,794,822,832,730,719]} 1. d4 {Atalik,S} Nf6 2. Nf3 e6 3. c4 b6 4. g3 Ba6 5. b3 Bb4+ 6. Bd2 Be7 7. Bg2 Bb7 8. O-O d5 9. cxd5 exd5 10. Nc3 O-O 11. Rc1 Re8 {E15: Queen's Indian: 4 g3 sidelines, 4 g3 Ba6 and 4 g3 Bb7 early deviations} 12. Re1 (12. Bf4 Na6 13. Ne5 c6 14. h4 Ba3 15. Rc2 Bd6 16. e3 Rc8 17. Rd2 Nc7 18. g4 Bb4 {1-0 (56) Sokolov,I (2603)-Rodshtein,M (2695) Douglas 2017}) 12... Ba3 $146 ({Predecessor:} 12... Na6 13. Bf4 Ne4 14. Nxe4 dxe4 15. Ne5 Bb4 16. Rf1 Bd6 17. Qc2 Nb4 18. Qb2 Qe7 {½-½ (46) Parligras,M (2587)-Atalik,S (2565) Kragujevac 2015 EXT 2016 [Atalik,S]}) 13. Rc2 a6 (13... Bf8 $11) 14. Bf4 (14. e4 $5) 14... Bd6 15. Qc1 Nc6 16. Bg5 Be7 17. a3 h6 18. Bxf6 Bxf6 19. e3 Na5 20. Nd2 {[%cal Bf3d2,Bd2c4,Bc4b2,Bb2d3][%mdl 32] [#] Threatens to win with b4.} c6 21. b4 Nc4 22. Nxd5 $1 cxd5 23. Nxc4 Rb8 24. Nb2 Qd6 25. Nd3 Rbc8 26. Bh3 Rc4 (26... Rc6 $142 27. Qd2 Re7) 27. Rxc4 $18 dxc4 28. Qxc4 Qd5 29. Qxd5 Bxd5 30. Rc1 Be4 31. Nb2 Kf8 32. Bg2 Bxg2 (32... Bg6 {keeps fighting.} 33. Na4 Rb8) 33. Kxg2 {[%mdl 4096] Endgame KRB-KRN} Be7 34. Rc6 Rb8 35. Nc4 Bd8 36. e4 Ke7 37. d5 {White is clearly winning.} f6 38. f4 {[%cal Bf2f4,Bf4e5][%mdl 32]} b5 39. Ne3 a5 40. e5 fxe5 41. fxe5 axb4 42. axb4 Kf7 43. Nf5 {Precision: White = 74%, Black = 20%.} 1-0

[Event "1st Gujarat GM Open 2018"]
[Site "Ahmedabad"]
[Date "2018.10.11"]
[Round "9"]
[White "Kushagra Mohan"]
[Black "Jaeel Atharva"]
[Result "1/2-1/2"]
[WhiteElo "2283"]
[BlackElo "2130"]
[Annotator "TA"]
[PlyCount "77"]
[EventDate "2018.10.05"]
[EventType "swiss"]
[EventCountry "IND"]
[SourceTitle "playchess.com"]
[Source "ChessBase"]
[SourceQuality "1"]

{[%evp 18,77,22,8,20,20,19,18,15,15,19,3,12,0,0,0,0,0,0,0,0,0,0,0,0,0,0,-28,-14,-19,-10,-10,-10,-53,-54,-65,-65,-65,-65,-66,-65,-65,-76,-69,-55,-58,-18,-16,0,0,0,0,0,0,0,0,0,0,0,0,0,0]} 1. e4 c6 2. d4 d5 3. Nd2 dxe4 4. Nxe4 Bf5 5. Ng3 Bg6 6. Nf3 Nd7 7. Bf4 e6 8. Bd3 Ngf6 9. O-O Be7 10. c4 O-O {B18: Classical Caro-Kann: 4...Bf5 sidelines} 11. Bxg6 hxg6 12. Qe2 (12. a4 a5 13. Re1 Re8 14. Re3 b5 15. axb5 cxb5 16. d5 exd5 17. cxd5 {½-½ (75) Sutovsky,E (2622)-Motylev,A (2660) Poikovsky 2016}) 12... Re8 13. Rfd1 Qb6 14. a3 a5 15. Rab1 $146 ({Predecessor:} 15. c5 Qa6 16. Qc2 b6 {½-½ (30) Au Cardero,R (2344)-Rowies,A (2405) ICCF email 2011}) 15... a4 16. Ne5 c5 17. dxc5 Nxc5 18. h4 Rad8 19. h5 gxh5 20. Nxh5 Rxd1+ 21. Rxd1 Rd8 {...Rxd1+ is the strong threat.} 22. Rf1 Ncd7 23. Bg5 Nxe5 24. Qxe5 {[%cal Rh5f6]} Qd4 25. Qb5 (25. Bxf6 $5 Bxf6 26. Nxf6+ gxf6 27. Qc7 $11) 25... Qd7 26. Nxf6+ gxf6 27. Qxd7 Rxd7 $15 {[%mdl 4096] Endgame KRB-KRB} 28. Be3 f5 29. Rc1 Bf6 30. Rc2 Rd3 31. Kf1 Rb3 32. Bc1 {The position is equal.} Kf8 33. c5 $1 Ke7 34. c6 {[#] aiming for c7.} bxc6 35. Rxc6 Bxb2 36. Bxb2 Rxb2 37. Ra6 Rb1+ 38. Ke2 Rb2+ 39. Ke1 {Precision: White = 69%, Black = 59%.} 1/2-1/2

[Event "1st Gujarat GM Open 2018"]
[Site "Ahmedabad"]
[Date "2018.10.11"]
[Round "9"]
[White "Bharath Subramaniyam H"]
[Black "Shiva Pavan Teja Sharma U"]
[Result "0-1"]
[WhiteElo "2276"]
[BlackElo "2005"]
[Annotator "TA"]
[PlyCount "86"]
[EventDate "2018.10.05"]
[EventType "swiss"]
[EventCountry "IND"]
[SourceTitle "playchess.com"]
[Source "ChessBase"]
[SourceQuality "1"]

{[%evp 12,86,12,-5,37,29,35,30,33,16,50,10,44,33,41,25,53,39,88,53,50,53,61,54,50,59,54,55,50,39,112,99,106,94,91,76,68,64,106,111,155,162,158,159,152,142,408,404,304,268,319,-184,-179,-174,-158,-155,-98,-247,-243,-221,-185,-220,-196,-554,-556,-594,-569,-564,-559,-586,-561,-1790,-1326,-1326,-1260,-1207,-1197]} 1. e4 c6 2. Nc3 d5 3. Nf3 Bg4 4. h3 Bxf3 5. Qxf3 e6 6. d3 Nd7 7. g3 {LiveBook: 50 Games} Qf6 {B11: Caro-Kann: Two Knights Variation} (7... g6 8. Bg2 Bg7 9. O-O Ne7 10. Qe2 O-O 11. f4 {½-½ (11) Fedorov,A (2572)-Tomczak,J (2600) Suwalki 2018}) 8. Qe2 Bb4 9. Bd2 Ne7 $146 {White has an edge.} ({Predecessor:} 9... d4 10. Nb1 Bd6 11. Bg2 e5 12. a4 Ne7 13. h4 h6 14. Na3 Rd8 15. Bh3 {1-0 (36) Bouhallel,R (2302)-Beuselinck,S (2104) Belgium 2003}) 10. Bg2 O-O 11. O-O (11. a3 $5 {[%cal Ra3b4]} Bc5 12. O-O $11) 11... Bc5 12. Kh2 Qg6 13. Rae1 Rae8 14. f4 f5 15. e5 b5 16. Nd1 {[%cal Bc3d1,Bd1e3,Be3c2][%mdl 32]} Rc8 17. c4 Nb6 {[%cal Rd5c4]} 18. Bc3 {And now b4 would win.} b4 19. Bd2 Rfd8 20. Ne3 a5 {[#]} (20... d4 $14) 21. Nc2 $1 $16 {Black must now prevent d4.} dxc4 22. dxc4 Rd7 23. Be3 $36 {[%mdl 2048] White has strong initiative.} Bxe3 24. Nxe3 Rcd8 25. Rd1 Na4 26. Rxd7 Rxd7 27. Rd1 Qe8 28. Rd6 {Strongly threatening c5.} Qd8 $2 {[%mdl 8192]} (28... Nc5 $16) 29. Qd1 $18 Nb6 30. Qd4 Nec8 {[%cal Be7c8,Bc8d6,Bd6f7][%mdl 32]} 31. Bxc6 $4 {[%mdl 8192]} ({Much less strong is} 31. Rxd7 $6 Qxd7 32. Qc5 (32. Qxd7 Nxd7 33. Bxc6 Nc5 $16) 32... h6 $18) (31. c5 $18 {was the only winning move.}) 31... Nxd6 $19 32. Bxd7 Nf7 33. Nxf5 Qxd7 (33... exf5 $142 34. e6 Nxd7) 34. Nd6 {[#]} (34. Qxd7 $17 {might work better.} Nxd7 35. Nd4) 34... Qc6 $1 35. c5 Nd7 36. Ne4 Nd8 37. f5 $2 (37. Qd6 {nothing else works.}) 37... exf5 {Black is clearly winning.} 38. Ng5 Ne6 39. Qc4 Ndf8 40. a3 Qxc5 41. Qb3 Qf2+ 42. Kh1 Qe1+ 43. Kg2 Qd2+ {Precision: White = 42%, Black = 39%.} 0-1